000 01100nam1a22002531i 4500
001 rc\4933499
005 20240724143238.0
035 _a(NLR Aleph) 008847532
090 _a8380240
_c8380240
100 _a20130426d1966 |||y0rusy50 ca
101 0 _arus
102 _aRU
105 _a j |||||
200 1 _aДетали машин
_eПроект учебника
_eВып. 1-
_fВоен. ордена Ленина краснознам. акад. бронетанковых войск
210 _aМосква
_cБ. и.
_d1966
215 _d21
300 _aПеред загл. авт.: вып. 1 - проф. Р.В. Ротенберг; вып. 11 - д-р техн. наук проф. инж.-полк. Р.В. Ротенберг, канд. техн. наук доц. инж.-полк. В.К. Титов
300 _aОтпеч. множит. аппаратом
333 _aПродаже не подлежит
700 1 _aРотенберг
_bР.В.
_gРоберт Владимирович
801 0 _aRU
_bNLR
_gpsbo
801 1 _aRU
_bELAR
_2rusmarc
852 _aNLR
_j50к/5616
942 _cBOOK